A munkahely szerepe a dolgozók magánéleti veszteségének feldolgozásában
| Szerző: | |
|---|---|
| További közreműködők: | |
| Dokumentumtípus: | Záródolgozat |
| Kulcsszavak: | gyászfeldolgozás kérdőív mentálhigiénia munkahely yalom |
| Online Access: | http://dolgozattar.uni-bge.hu/59953 |
MARC
| LEADER | 00000nta a2200000 i 4500 | ||
|---|---|---|---|
| 001 | dolg59953 | ||
| 005 | 20260409145807.0 | ||
| 008 | 260409suuuu hu o 000 hun d | ||
| 040 | |a BGE Dolgozattár Repozitórium |b hun | ||
| 041 | |a hu | ||
| 100 | 1 | |a Tóth Andrea | |
| 245 | 1 | 2 | |a A munkahely szerepe a dolgozók magánéleti veszteségének feldolgozásában |c Tóth Andrea |h [elektronikus dokumentum] |
| 516 | |a Final_paper | ||
| 520 | 3 | |a Szakdolgozatom témája a munkahely szerepe a dolgozók magánéleti veszteségének feldolgozásában. Kérdőíves kutatást végeztem száz fővel, kényelmi mintavétellel, google forms segítségével. A kutatási eredmények kiértékelése alapján készítettem egy, a saját munkahelyemre alkalmazandó veszteségprotokoll tervezetet, melyet a szakirodalmi összefoglalás során szerzett ismereteimmel bővítettem ki. A szakdolgozatom részeként a munkahelyemre vonatkozóan egy átfogó mentálhigiénés tervezetet is készítettem, melynek része a veszteségprotokoll, azonban ennél sokrétűbb. | |
| 695 | |a gyászfeldolgozás | ||
| 695 | |a kérdőív | ||
| 695 | |a mentálhigiénia | ||
| 695 | |a munkahely | ||
| 695 | |a yalom | ||
| 700 | 1 | |a Nagy Zsolt György |e ths | |
| 856 | 4 | 0 | |u http://dolgozattar.uni-bge.hu/59953/1/SZAKDOLGOZAT.TothAndrea.pdf |z Dokumentum-elérés |
| 856 | 4 | 0 | |u http://dolgozattar.uni-bge.hu/59953/2/T%C3%B3th%20Andrea_kulso_biralat.pdf |z Dokumentum-elérés |
| 856 | 4 | 0 | |u http://dolgozattar.uni-bge.hu/59953/3/T%C3%B3th%20Andrea_b%C3%ADr%C3%A1lat.pdf |z Dokumentum-elérés |